[Event "Bad Woerishofen op"]
[Site "?"]
[Date "2000.??.??"]
[Round "6"]
[White "Semmler, Josef"]
[Black "Teich, Udo"]
[Result "0-1"]
[WhiteElo "1934"]
[BlackElo "2146"]
[PlyCount "164"]
[EventDate "2000.??.??"]

1. e4 e6 2. d4 d5 3. Nc3 Nf6 4. Bg5 Be7 5. e5 Nfd7 6. h4 h6 7. Bxe7 Qxe7 8. f4
Nb6 9. Nf3 a6 10. Qd2 c5 11. O-O-O Nc6 12. Be2 Bd7 13. g4 O-O-O 14. Kb1 Kb8 15.
g5 h5 16. dxc5 Qxc5 17. Nd4 g6 18. Rhf1 Rc8 19. Nb3 Qe7 20. Qe3 Na8 21. Qc5
Rhd8 22. Na4 Qxc5 23. Naxc5 Be8 24. a3 Ne7 25. Rf3 Nb6 26. Nd3 Nf5 27. Rh3 Bb5
28. Ndc1 Ba4 29. Bd3 Ne7 30. Nd2 Rc7 31. b3 Be8 32. Ne2 Rdc8 33. Nf3 Nd7 34.
Nfd4 Nc5 35. Kb2 b5 36. Rf3 Bc6 37. Rh3 Bb7 38. Re3 Ne4 39. Ng3 Nc5 40. Rde1
Ka7 41. R1e2 Nd7 42. Re1 Nb6 43. R1e2 Nc4+ 44. bxc4 bxc4 45. Bf5 gxf5 46. c3
Ng6 47. Rf2 Rh8 48. Nde2 Bc6 49. Ka2 Ba4 50. Nd4 Bd1 51. Re1 Bg4 52. Rb1 Rb8
53. Rxb8 Kxb8 54. Rb2+ Ka7 55. Rf2 Rc8 56. Ka1 Kb6 57. Rb2+ Kc7 58. Rf2 Nxh4
59. Nxh5 Ng6 60. Nf6 Bh3 61. Ka2 Rh8 62. a4 Rh4 63. Ne8+ Kd8 64. Nd6 Rg4 65.
Nxf7+ Ke7 66. Nd6 Nxf4 67. Nc6+ Kd7 68. Nb8+ Ke7 69. Nxa6 Nd3 70. Re2 f4 71.
Rh2 Rg2+ 72. Rxg2 Bxg2 73. g6 Kf8 74. Nc7 Bh3 75. a5 Nxe5 76. a6 Nc6 77. Nce8
e5 78. Nf6 Kg7 79. Nxd5 Kxg6 80. Ne4 Bg2 81. Ndf6 Kf5 82. Ka3 Ke6 0-1

[Event "Bad Woerishofen op"]
[Site "?"]
[Date "2000.??.??"]
[Round "8"]
[White "Semmler, Josef"]
[Black "Lechner, Otto"]
[Result "1-0"]
[WhiteElo "1934"]
[BlackElo "1620"]
[PlyCount "53"]
[EventDate "2000.??.??"]

1. Nf3 Nf6 2. d4 e6 3. e3 d5 4. Be2 c5 5. O-O Nc6 6. b3 cxd4 7. exd4 Be7 8.
Nbd2 O-O 9. Bb2 Bb4 10. c3 Ba5 11. Bd3 Re8 12. Re1 Bc7 13. c4 Bf4 14. g3 Bh6
15. c5 Qa5 16. a3 Qc7 17. b4 a6 18. Ne5 Bxd2 19. Qxd2 Nd7 20. f4 f5 21. Nxc6
Qxc6 22. Bxf5 Nxc5 23. dxc5 exf5 24. Qd4 Rxe1+ 25. Rxe1 Qd7 26. Re5 Qf7 27.
Re8+ 1-0

[Event "Bad Woerishofen op"]
[Site "?"]
[Date "2000.??.??"]
[Round "9"]
[White "Semmler, Josef"]
[Black "Fuess, Marcus"]
[Result "1/2-1/2"]
[WhiteElo "1934"]
[BlackElo "1988"]
[PlyCount "20"]
[EventDate "2000.??.??"]

1. Nf3 Nf6 2. d4 d6 3. Nc3 g6 4. e4 Bg7 5. Bc4 O-O 6. Qe2 c6 7. Bb3 Bg4 8. Be3
Nbd7 9. h3 Bxf3 10. Qxf3 e5 1/2-1/2

[Event "Bad Woerishofen op"]
[Site "?"]
[Date "2000.??.??"]
[Round "2"]
[White "Senff, Martin"]
[Black "Engl, Heinz"]
[Result "1-0"]
[WhiteElo "2349"]
[BlackElo "2150"]
[PlyCount "105"]
[EventDate "2000.??.??"]

1. e4 c5 2. Nf3 d6 3. d4 cxd4 4. Nxd4 Nf6 5. Nc3 g6 6. Be3 Bg7 7. f3 O-O 8. Qd2
Nc6 9. O-O-O d5 10. Kb1 Rb8 11. Nb3 dxe4 12. Qxd8 Rxd8 13. Rxd8+ Nxd8 14. Bxa7
Ra8 15. Bb6 Bf5 16. Be2 Nd7 17. Bxd8 Bxc3 18. Bxe7 Bg7 19. g4 exf3 20. Bxf3 Be6
21. Bxb7 Ra7 22. Bg2 Bxg4 23. Re1 h5 24. Bd5 Kh7 25. Nc5 Ne5 26. Bd6 Nf3 27.
Re3 Nd2+ 28. Ka1 Bh6 29. Re7 Rxe7 30. Bxe7 f5 31. a4 f4 32. Nd3 Bd7 33. a5 Bb5
34. Bc5 g5 35. Ne5 Bg7 36. Nf3 Nxf3 37. Bxf3 g4 38. Bb7 f3 39. a6 Bxa6 40. Bxa6
Be5 41. Bd3+ Kg7 42. h3 Kf6 43. hxg4 hxg4 44. Ka2 Kg5 45. b4 Kf4 46. b5 g3 47.
Kb3 f2 48. Kc4 Kf3 49. Kd5 Bf4 50. b6 Be3 51. Be4+ Ke2 52. Bxe3 Kxe3 53. Bg2
1-0

[Event "Bad Woerishofen op"]
[Site "?"]
[Date "2000.??.??"]
[Round "4"]
[White "Senff, Martin"]
[Black "Pelletier, Yannick"]
[Result "0-1"]
[WhiteElo "2349"]
[BlackElo "2478"]
[PlyCount "80"]
[EventDate "2000.??.??"]

1. e4 c5 2. Nf3 d6 3. d4 cxd4 4. Nxd4 Nf6 5. Nc3 a6 6. Be3 e6 7. g4 h5 8. g5
Ng4 9. Bc1 Qb6 10. Qd2 Ne5 11. Be2 Nbc6 12. Nxc6 bxc6 13. f4 Ng6 14. Qe3 Qxe3
15. Bxe3 h4 16. h3 e5 17. f5 Nf4 18. Bxf4 exf4 19. O-O-O Rb8 20. Rhg1 g6 21.
Rdf1 d5 22. exd5 Bc5 23. dxc6 Be3+ 24. Kb1 Bxg1 25. Rxg1 Rb6 26. fxg6 Rxc6 27.
gxf7+ Kxf7 28. Bf3 Rc5 29. Ne4 Re5 30. Nd6+ Kg6 31. Nxc8 Rxc8 32. a4 a5 33. Rg4
Rf8 34. Rxh4 Re3 35. Bb7 f3 36. Rh6+ Kxg5 37. Ra6 f2 38. Rxa5+ Kf6 39. Ba6 Ra8
40. b4 Rxa6 0-1

[Event "Bad Woerishofen op"]
[Site "?"]
[Date "2000.??.??"]
[Round "6"]
[White "Senff, Martin"]
[Black "Bischoff, Dieter"]
[Result "1-0"]
[WhiteElo "2349"]
[BlackElo "2188"]
[PlyCount "55"]
[EventDate "2000.??.??"]

1. e4 c5 2. Nf3 d6 3. d4 cxd4 4. Nxd4 Nf6 5. Nc3 Nc6 6. f3 e5 7. Nb3 Be7 8. Be3
O-O 9. Qd2 Be6 10. Nd5 a5 11. Bb6 Qd7 12. Nxe7+ Qxe7 13. Nxa5 Nxa5 14. Bxa5
Nxe4 15. fxe4 Qh4+ 16. Kd1 Qxe4 17. Bb4 Rfc8 18. Bd3 Qg4+ 19. Kc1 e4 20. Be2 e3
21. Qe1 Qg6 22. Bc3 Bf5 23. Qg3 Rxc3 24. bxc3 Qe6 25. a4 d5 26. Qf4 Rc8 27. Ra3
g6 28. Kb2 1-0

[Event "Bad Woerishofen op"]
[Site "?"]
[Date "2000.??.??"]
[Round "7"]
[White "Senff, Martin"]
[Black "Enders, Peter"]
[Result "1-0"]
[WhiteElo "2349"]
[BlackElo "2478"]
[PlyCount "120"]
[EventDate "2000.??.??"]

1. e4 c5 2. Nf3 d6 3. d4 cxd4 4. Nxd4 Nf6 5. Nc3 Nc6 6. f3 e5 7. Nb3 Be7 8. Be3
O-O 9. Qd2 a5 10. Bb5 Na7 11. Bd3 Bd7 12. a3 h6 13. O-O Be6 14. Rad1 b6 15. Qf2
Rb8 16. Na4 Nc8 17. Bb5 Nd7 18. c4 Qc7 19. Rc1 Bg5 20. Bxg5 hxg5 21. Nc3 Nc5
22. Nxc5 bxc5 23. a4 Ne7 24. Rfd1 f6 25. Rd3 Rfd8 26. Qd2 Kf7 27. Rd1 Rb6 28.
Ne2 Qa7 29. Nc1 g4 30. Nb3 gxf3 31. Qxa5 Qxa5 32. Nxa5 fxg2 33. Kxg2 Ng6 34.
Kg3 Nf4 35. R3d2 Rh8 36. h4 g5 37. Nc6 Rxh4 38. Nd8+ Kg6 39. Nxe6 Nxe6 40. Rxd6
Rxd6 41. Rxd6 Nd4 42. a5 Rxe4 43. a6 Re3+ 44. Kf2 Re2+ 45. Kf1 Rh2 46. a7 Rh8
47. Rxd4 cxd4 48. Bc6 f5 49. b4 e4 50. a8=Q Rxa8 51. Bxa8 d3 52. c5 g4 53. Bd5
Kf6 54. b5 Ke5 55. b6 Kxd5 56. b7 Kxc5 57. b8=Q Kd4 58. Qf4 g3 59. Qxg3 Kc3 60.
Qe3 Kc2 1-0

[Event "Bad Woerishofen op"]
[Site "Bad Woerishofen"]
[Date "2000.??.??"]
[Round "2"]
[White "Senk, Christian"]
[Black "Lecheler, Rudolf"]
[Result "1-0"]
[WhiteElo "2151"]
[BlackElo "1721"]
[PlyCount "79"]
[EventDate "1998.03.05"]
[Source "ChessBase"]
[SourceDate "1998.04.29"]

1. d4 Nf6 2. Bg5 e6 3. e4 Be7 4. Nc3 d5 5. e5 Nfd7 6. Bxe7 Qxe7 7. f4 a6 8. Nf3
c5 9. dxc5 Qxc5 10. Qd2 Nc6 11. O-O-O b5 12. Nd4 Nxd4 13. Qxd4 Qxd4 14. Rxd4
Nb6 15. a4 bxa4 16. Nxa4 Nd7 17. Be2 Ke7 18. Bf3 Rb8 19. Rhd1 a5 20. c4 Rb4 21.
cxd5 Rxd4 22. Rxd4 exd5 23. Rxd5 Bb7 24. Rxd7+ Kxd7 25. Bxb7 Rb8 26. Nc5+ Ke7
27. Kc2 Rd8 28. Kc3 Rd1 29. Nb3 a4 30. Nc5 Ra1 31. Kb4 Rf1 32. Bf3 Rf2 33. Nxa4
Rd2 34. Kc3 Rd8 35. b4 Rc8+ 36. Nc5 h6 37. Kc4 g5 38. f5 Rc7 39. b5 f6 40. b6
1-0

[Event "Bad Woerishofen op"]
[Site "?"]
[Date "2000.??.??"]
[Round "4"]
[White "Senk, Christian"]
[Black "Sebastian, Dirk"]
[Result "1/2-1/2"]
[WhiteElo "2151"]
[BlackElo "2322"]
[PlyCount "64"]
[EventDate "2000.??.??"]

1. d4 g6 2. Bg5 Bg7 3. c3 d6 4. Nd2 Nd7 5. e3 Ngf6 6. Ngf3 O-O 7. Bc4 e5 8. Ne4
Qe8 9. Nxf6+ Nxf6 10. dxe5 dxe5 11. Bxf6 Bxf6 12. e4 Qe7 13. O-O c6 14. a4 Qc5
15. Qe2 Bg4 16. Ba2 Rad8 17. h3 Bc8 18. Qc4 Qxc4 19. Bxc4 Rd6 20. Rfd1 Rfd8 21.
Rxd6 Rxd6 22. Kf1 Kf8 23. Ke2 Ke7 24. Nd2 Bg7 25. Bb3 f5 26. Nc4 Rd8 27. f3 Bf6
28. Re1 f4 29. Rd1 Rxd1 30. Bxd1 b6 31. Bc2 Be6 32. Bd3 Bxc4 1/2-1/2

[Event "Bad Woerishofen op"]
[Site "?"]
[Date "2000.??.??"]
[Round "6"]
[White "Senk, Christian"]
[Black "Moehle, Friedrich"]
[Result "1-0"]
[WhiteElo "2151"]
[BlackElo "1896"]
[PlyCount "67"]
[EventDate "2000.??.??"]

1. d4 Nf6 2. Bg5 h6 3. Bxf6 exf6 4. e3 d5 5. c4 c6 6. Nc3 dxc4 7. Bxc4 Bd6 8.
Qc2 Qa5 9. Nf3 Na6 10. O-O Nc7 11. Ne4 Be7 12. a3 Ne6 13. Nh4 g6 14. Ng3 Rg8
15. f4 Qb6 16. Rae1 f5 17. Nf3 Rg7 18. Qc3 Bf6 19. Ne5 Bxe5 20. dxe5 h5 21. Rd1
Rg8 22. Kh1 Nc5 23. b4 Ne6 24. e4 Ng7 25. e6 Bxe6 26. Bxe6 Nxe6 27. exf5 gxf5
28. Nxh5 Ke7 29. Qf6+ Ke8 30. Rfe1 c5 31. Ng7+ Rxg7 32. Qxg7 Ke7 33. Rd7+ Kxd7
34. Qxf7+ 1-0

[Event "Bad Woerishofen op"]
[Site "?"]
[Date "2000.??.??"]
[Round "8"]
[White "Senk, Christian"]
[Black "Eschle, Hubert"]
[Result "1-0"]
[WhiteElo "2151"]
[BlackElo "1783"]
[PlyCount "75"]
[EventDate "2000.??.??"]

1. d4 Nf6 2. Bg5 Ne4 3. Bf4 d5 4. e3 g6 5. Bd3 Bg7 6. Bxe4 dxe4 7. Nc3 f5 8.
Qe2 Na6 9. f3 c6 10. fxe4 Qb6 11. Rb1 O-O 12. Nf3 Be6 13. Ng5 Bf7 14. Nxf7 Rxf7
15. e5 e6 16. b4 Nc7 17. Na4 Qb5 18. Qxb5 Nxb5 19. Nc5 Re8 20. a4 Nc3 21. Rb3
Nd5 22. Ke2 Bf8 23. Nd3 a5 24. bxa5 Ra8 25. c4 Nxf4+ 26. Nxf4 Rxa5 27. Nxe6
Rxa4 28. Nd8 Rd7 29. Nxb7 Rxc4 30. Na5 Rc2+ 31. Kd3 Rxg2 32. Nxc6 Kf7 33. Rb8
Bg7 34. Rhb1 Rxh2 35. R1b7 Rxb7 36. Rxb7+ Kf8 37. e6 Bf6 38. Rf7+ 1-0

[Event "Bad Woerishofen op"]
[Site "?"]
[Date "2000.??.??"]
[Round "2"]
[White "Sepp, Lothar"]
[Black "Mueller, Wolfgang"]
[Result "1/2-1/2"]
[WhiteElo "1877"]
[BlackElo "1493"]
[PlyCount "87"]
[EventDate "2000.??.??"]

1. d4 d5 2. c4 c6 3. Nf3 e6 4. e3 Nf6 5. Nc3 Nbd7 6. Qc2 Bd6 7. e4 dxe4 8. Nxe4
Nxe4 9. Qxe4 Nf6 10. Qc2 Bb4+ 11. Bd2 Bxd2+ 12. Qxd2 O-O 13. Bd3 Qc7 14. O-O c5
15. dxc5 Qxc5 16. b4 Qc7 17. Qe3 b6 18. c5 Bb7 19. Ng5 h6 20. Ne4 Bxe4 21. Bxe4
Nxe4 22. Qxe4 bxc5 23. Rac1 Rad8 24. Rxc5 Qd6 25. Qc2 Qb6 26. Rb1 Rd6 27. b5
Rfd8 28. g3 Rd2 29. Qc4 Rxa2 30. Qxa2 Qxc5 31. Qa5 Qb6 32. Qb4 Rd4 33. Qc3 Rd5
34. Qa3 Rd2 35. Qf3 a6 36. Qa8+ Kh7 37. Qe4+ g6 38. Qf4 Rd7 39. Qc4 axb5 40.
Rxb5 Rd1+ 41. Kg2 Qa6 42. Qc7 Qxb5 43. Qxf7+ Kh8 44. Qf8+ 1/2-1/2

[Event "Bad Woerishofen op"]
[Site "?"]
[Date "2000.??.??"]
[Round "4"]
[White "Sepp, Lothar"]
[Black "Teich, Udo"]
[Result "0-1"]
[WhiteElo "1877"]
[BlackElo "2146"]
[PlyCount "92"]
[EventDate "2000.??.??"]

1. d4 d5 2. c4 e6 3. Nc3 Nf6 4. Bg5 c6 5. cxd5 exd5 6. e3 Be7 7. Bd3 Nbd7 8.
Nf3 h6 9. Bh4 Ne4 10. Bxe7 Qxe7 11. Bxe4 dxe4 12. Nd2 Nf6 13. Qc2 Bf5 14. O-O
Bh7 15. Rfc1 O-O 16. a3 Rfc8 17. b4 Bf5 18. Rab1 b6 19. Ne2 h5 20. Nc4 Nd7 21.
Qd2 h4 22. h3 Rd8 23. Qb2 f6 24. Nd2 Rac8 25. Rc3 Nb8 26. Rbc1 Qd7 27. Nf4 g5
28. Qb3+ Kg7 29. Nh5+ Kg6 30. g4 Bxg4 31. Nxf6 Kxf6 32. Nxe4+ Kg6 33. Kh2 Bf3
34. Qc2 Qf5 35. Nd2 Qxc2 36. R3xc2 Bd5 37. b5 Re8 38. bxc6 Rxc6 39. Rxc6+ Bxc6
40. e4 Bxe4 41. Nxe4 Rxe4 42. Rc8 Na6 43. Ra8 Re7 44. Kg2 Rf7 45. Rg8+ Kf5 46.
Kf3 Nc7 0-1

[Event "Bad Woerishofen op"]
[Site "?"]
[Date "2000.??.??"]
[Round "6"]
[White "Sepp, Lothar"]
[Black "Salomon, Heide"]
[Result "0-1"]
[WhiteElo "1877"]
[BlackElo "1542"]
[PlyCount "76"]
[EventDate "2000.??.??"]

1. d4 Nf6 2. Nf3 d5 3. c4 e6 4. cxd5 Qxd5 5. Nc3 Bb4 6. Bd2 Bxc3 7. bxc3 O-O 8.
e3 b5 9. Qb3 Ba6 10. Be2 Nc6 11. O-O Rab8 12. Rfb1 Ne4 13. Qxd5 exd5 14. a4 Nd6
15. Bc1 Nc4 16. Nd2 bxa4 17. Nxc4 Bxc4 18. Bxc4 dxc4 19. Ba3 Rfe8 20. Kf1 Rb3
21. Rxb3 cxb3 22. Bb2 Rb8 23. Rxa4 f5 24. Ke2 Rb7 25. Kd3 Kf7 26. Ra3 Ke6 27.
Kc4 Kd6 28. f3 g5 29. e4 fxe4 30. fxe4 h5 31. Kd3 Ne7 32. c4 Nc6 33. Ra6 Kd7
34. Kd2 Nxd4 35. c5 Nc6 36. Kc3 Ne5 37. Kd4 Nc6+ 38. Kd5 Nb4+ 0-1

[Event "Bad Woerishofen op"]
[Site "?"]
[Date "2000.??.??"]
[Round "8"]
[White "Sepp, Lothar"]
[Black "Hofmann, Juergen"]
[Result "0-1"]
[WhiteElo "1877"]
[BlackElo "2200"]
[PlyCount "88"]
[EventDate "2000.??.??"]

1. d4 d5 2. c4 c6 3. cxd5 cxd5 4. Nc3 Nf6 5. Nf3 Nc6 6. e3 g6 7. Bd3 Bg7 8. O-O
O-O 9. b3 Nb4 10. Bb1 Re8 11. Ne5 Nd7 12. Nxd7 Qxd7 13. Bb2 e5 14. Na4 e4 15.
Qd2 Nc6 16. Nc5 Qg4 17. b4 b6 18. Nb3 Bf8 19. b5 Nd8 20. a4 Bd6 21. Ba3 Bb8 22.
Rc1 Nb7 23. Ba2 Qh5 24. g3 Bg4 25. Qe1 Qf5 26. Rc2 Nd8 27. Nd2 Ne6 28. Rac1 Ng5
29. h4 Nf3+ 30. Nxf3 Bxf3 31. Qf1 g5 32. hxg5 h6 33. Rc6 hxg5 34. Rh6 Kg7 35.
Qh3 Qxh3 36. Rxh3 Bd6 37. Bxd6 Rh8 38. Be5+ f6 39. Rc7+ Kg6 40. Rc6 Rxh3 41.
Rxf6+ Kh5 42. g4+ Kxg4 43. Bh2 Rxh2 44. Kf1 Rh1# 0-1

[Event "Bad Woerishofen op"]
[Site "Bad Woerishofen"]
[Date "2000.??.??"]
[Round "1"]
[White "Sislian, Hanno"]
[Black "Duckstein, Torsten"]
[Result "1-0"]
[WhiteElo "2250"]
[BlackElo "1842"]
[PlyCount "47"]
[EventDate "1998.03.05"]
[Source "ChessBase"]
[SourceDate "1998.04.29"]

1. e4 d5 2. exd5 Qxd5 3. Nc3 Qa5 4. d4 c6 5. Bc4 Nf6 6. Bd2 Qb6 7. Nf3 Bf5 8.
Bb3 e6 9. Qe2 Nbd7 10. O-O-O O-O-O 11. Bf4 Nd5 12. Nxd5 cxd5 13. Qe3 Bd6 14.
Rhe1 Qc7 15. Bxd6 Qxd6 16. Ne5 Bg6 17. h4 Qe7 18. Qf4 Nxe5 19. Qxe5 Qxh4 20.
Re3 Kd7 21. Bxd5 exd5 22. Rc3 Qh6+ 23. f4 Rde8 24. Rc7+ 1-0

[Event "Bad Woerishofen op"]
[Site "?"]
[Date "2000.??.??"]
[Round "3"]
[White "Sislian, Hanno"]
[Black "Baeuml, Ulrich"]
[Result "1-0"]
[WhiteElo "2250"]
[BlackElo "2082"]
[PlyCount "105"]
[EventDate "2000.??.??"]

1. e4 c5 2. Nf3 d6 3. d4 cxd4 4. Nxd4 Nf6 5. Nc3 a6 6. Be2 e5 7. Nb3 Be6 8. Be3
Be7 9. O-O O-O 10. a4 Nbd7 11. a5 Qc7 12. Qd2 Rfd8 13. Rfd1 Nc5 14. Nxc5 dxc5
15. Qe1 Rxd1 16. Qxd1 c4 17. Bb6 Qc6 18. Bf3 Re8 19. Qe1 Bc5 20. Bxc5 Qxc5 21.
Na4 Qc6 22. Qe3 Rd8 23. Qc5 Qxc5 24. Nxc5 Bc8 25. Kf1 Kf8 26. Ke1 Rd6 27. Ra4
b5 28. axb6 Rxb6 29. Rxc4 Rxb2 30. Nd3 Rb1+ 31. Kd2 Bb7 32. Nxe5 Rb5 33. Nd3 g5
34. h3 h5 35. g3 Rb6 36. Ke3 Bc6 37. Rb4 Rxb4 38. Nxb4 Bb5 39. Kd4 Bf1 40. e5
Nd7 41. Bxh5 a5 42. Nc6 a4 43. Bg4 a3 44. Nb4 Nb6 45. c3 Na4 46. c4 Ke7 47. h4
gxh4 48. gxh4 Nb2 49. c5 Kd8 50. Bf5 Be2 51. Be4 Ke7 52. Bd5 Na4 53. Nc2 1-0

[Event "Bad Woerishofen op"]
[Site "?"]
[Date "2000.??.??"]
[Round "5"]
[White "Sislian, Hanno"]
[Black "Gossmann, Ewald"]
[Result "1-0"]
[WhiteElo "2250"]
[BlackElo "2075"]
[PlyCount "87"]
[EventDate "2000.??.??"]

1. e4 Nc6 2. Nf3 d6 3. d4 Nf6 4. Nc3 Bg4 5. Be3 e6 6. d5 exd5 7. exd5 Ne5 8.
Bb5+ Ned7 9. h3 Bh5 10. g4 Bg6 11. Qe2 Be7 12. O-O-O Ne4 13. Nxe4 Bxe4 14. Bd4
Bxf3 15. Qxf3 O-O 16. h4 a6 17. Bd3 Ne5 18. Bxe5 dxe5 19. Qe4 g6 20. h5 Bg5+
21. Kb1 Qf6 22. Rh3 Qf4 23. Qh1 Kg7 24. hxg6 hxg6 25. Rh7+ Kf6 26. Be4 Qxg4 27.
Rg1 Qf4 28. Rg3 Ke7 29. Rf3 Qg4 30. Bxg6 Bf4 31. Be4 Rg8 32. Rd3 Qg1+ 33. Rd1
Qxh1 34. Rdxh1 Rab8 35. c3 b6 36. Kc2 Rg5 37. Kb3 Rf8 38. R1h6 Rgg8 39. Rc6 Rc8
40. a4 Rg1 41. d6+ Kd8 42. Rh8+ Kd7 43. Rxc8 Kxc8 44. Bf5+ 1-0

[Event "Bad Woerishofen op"]
[Site "?"]
[Date "2000.??.??"]
[Round "7"]
[White "Sislian, Hanno"]
[Black "Schiff, Armin"]
[Result "1/2-1/2"]
[WhiteElo "2250"]
[BlackElo "2134"]
[PlyCount "94"]
[EventDate "2000.??.??"]

1. e4 g6 2. d4 Bg7 3. Nf3 d6 4. Nc3 Nf6 5. Be2 O-O 6. O-O b6 7. Bf4 Bb7 8. Bd3
Nh5 9. Bg5 h6 10. Be3 e5 11. dxe5 dxe5 12. Bc4 Nd7 13. Qd2 Kh7 14. Rad1 Nhf6
15. Bb5 c6 16. Ba4 Qc7 17. Qd6 Rac8 18. Bb3 Kg8 19. a4 Rfe8 20. Qd2 Nc5 21.
Bxc5 bxc5 22. Qe2 Re7 23. Nd2 Rd8 24. Bc4 Red7 25. Nb3 Bf8 26. a5 Rxd1 27. Rxd1
Rxd1+ 28. Qxd1 Qd6 29. Qxd6 Bxd6 30. a6 Bc8 31. Na5 Bd7 32. Nb7 Be7 33. f3 Bc8
34. Na5 Bd7 35. Na4 Be8 36. Nb7 Nd7 37. Kf2 Kg7 38. Ke2 h5 39. Kd3 Kf6 40. Ke3
Bf8 41. Kd2 Bh6+ 42. Kc3 Be3 43. Nd6 Ke7 44. Nc8+ Kd8 45. Nxa7 Bd4+ 46. Kd3 Kc7
47. c3 Bg1 1/2-1/2

[Event "Bad Woerishofen op"]
[Site "?"]
[Date "2000.??.??"]
[Round "2"]
[White "Slacik, Johann"]
[Black "Luett, Michael"]
[Result "0-1"]
[WhiteElo "1778"]
[BlackElo "2090"]
[PlyCount "42"]
[EventDate "2000.??.??"]

1. d4 d5 2. c4 c6 3. cxd5 cxd5 4. Nc3 e5 5. e3 e4 6. Bb5+ Nc6 7. a3 Nf6 8. Nge2
Bd6 9. Ba4 O-O 10. Bb3 Be6 11. h3 Qd7 12. Nf4 Bc7 13. Nh5 Kh8 14. f4 exf3 15.
Qxf3 Nxh5 16. Qxh5 Bg3+ 17. Ke2 f5 18. Rf1 Rae8 19. Qf3 Bc7 20. Bxd5 Nxd4+ 21.
exd4 Bxd5+ 0-1

[Event "Bad Woerishofen op"]
[Site "?"]
[Date "2000.??.??"]
[Round "4"]
[White "Slacik, Johann"]
[Black "Weiland, Guenter"]
[Result "1/2-1/2"]
[WhiteElo "1778"]
[BlackElo "2093"]
[PlyCount "62"]
[EventDate "2000.??.??"]

1. d4 Nf6 2. c4 c5 3. d5 e6 4. Nc3 exd5 5. cxd5 d6 6. e4 g6 7. Bb5+ Nbd7 8. a4
a6 9. Bxd7+ Bxd7 10. f4 Qe7 11. Qc2 Bg7 12. Nge2 O-O 13. O-O b5 14. Ng3 b4 15.
Nd1 Rfe8 16. Nf2 h5 17. e5 Nxd5 18. Nfe4 dxe5 19. fxe5 Bxe5 20. Bg5 Qf8 21.
Nf6+ Nxf6 22. Bxf6 Bxg3 23. hxg3 Be6 24. Rf4 c4 25. Rd1 Qc5+ 26. Kh2 Qe3 27.
Bd4 Qb3 28. Qc1 Rad8 29. Rf3 Rxd4 30. Rxb3 Rxd1 31. Qxd1 cxb3 1/2-1/2

[Event "Bad Woerishofen op"]
[Site "?"]
[Date "2000.??.??"]
[Round "6"]
[White "Slacik, Johann"]
[Black "Marotzke, Stefan"]
[Result "0-1"]
[WhiteElo "1778"]
[BlackElo "1674"]
[PlyCount "62"]
[EventDate "2000.??.??"]

1. d4 d5 2. c4 e6 3. Nc3 Nf6 4. Nf3 Be7 5. Bf4 c6 6. cxd5 exd5 7. g3 O-O 8. Bg2
Bf5 9. O-O Nbd7 10. Re1 Ne4 11. Nd2 Ndf6 12. Ncxe4 Nxe4 13. Nxe4 Bxe4 14. Bh3
Re8 15. e3 g5 16. f3 Bg6 17. Bxg5 Bxg5 18. f4 Bh6 19. f5 Bxe3+ 20. Kh1 Qf6 21.
fxg6 hxg6 22. Qb3 Bxd4 23. Rf1 Qe7 24. Rad1 Bg7 25. Rd3 Qc7 26. Rdf3 Re7 27.
Qc2 Rae8 28. Qb1 Qe5 29. R3f2 Bh6 30. Rxf7 Rxf7 31. Qxg6+ Qg7 0-1

[Event "Bad Woerishofen op"]
[Site "?"]
[Date "2000.??.??"]
[Round "8"]
[White "Slacik, Johann"]
[Black "Schuetz, Robert"]
[Result "1-0"]
[WhiteElo "1778"]
[BlackElo "1690"]
[PlyCount "35"]
[EventDate "2000.??.??"]

1. d4 d5 2. c4 dxc4 3. e3 e5 4. Bxc4 exd4 5. exd4 Bb4+ 6. Nc3 Qe7+ 7. Nge2 Nc6
8. O-O Bxc3 9. Nxc3 Qf6 10. Nd5 Qd8 11. Bf4 Na5 12. Qa4+ c6 13. Nc7+ Kf8 14.
Qxa5 Qxd4 15. Nxa8 b6 16. Qe5 Qxc4 17. Qd6+ Ne7 18. Qd8# 1-0

[Event "Bad Woerishofen op"]
[Site "?"]
[Date "2000.??.??"]
[Round "2"]
[White "Sprenger, Jan"]
[Black "Lindenmair, Anton"]
[Result "1-0"]
[WhiteElo "2256"]
[BlackElo "2108"]
[PlyCount "55"]
[EventDate "2000.??.??"]

1. e4 e5 2. f4 Bc5 3. Nf3 d6 4. c3 Qe7 5. d4 exd4 6. cxd4 Bb4+ 7. Kf2 Nf6 8.
Qa4+ Nc6 9. Bb5 Nxe4+ 10. Kg1 d5 11. a3 Bd6 12. Bxc6+ bxc6 13. Qxc6+ Qd7 14.
Qxd5 O-O 15. Qxe4 Rb8 16. Nc3 Bb7 17. Qd3 Rfe8 18. h3 Bxf3 19. Qxf3 Re1+ 20.
Kh2 Qe6 21. Rxe1 Qxe1 22. Qe4 Qf1 23. Rb1 g5 24. Bd2 Qf2 25. Be3 Bxf4+ 26. Bxf4
gxf4 27. Nd5 Rb3 28. Qxf4 1-0

[Event "Bad Woerishofen op"]
[Site "?"]
[Date "2000.??.??"]
[Round "3"]
[White "Sprenger, Jan"]
[Black "Mainka, Romuald"]
[Result "1/2-1/2"]
[WhiteElo "2256"]
[BlackElo "2478"]
[PlyCount "72"]
[EventDate "2000.??.??"]

1. e4 c5 2. Nf3 e6 3. d4 cxd4 4. Nxd4 a6 5. Bd3 Bc5 6. Nb3 Ba7 7. Nc3 Nc6 8.
Qe2 Nge7 9. Be3 b5 10. O-O-O d6 11. f4 b4 12. Na4 Qc7 13. Bxa7 Rxa7 14. Qf2 O-O
15. Rhe1 Bd7 16. Nb6 Be8 17. Nc4 a5 18. Nd4 Nxd4 19. Qxd4 d5 20. Nd6 Ra8 21. e5
Qa7 22. Qxa7 Rxa7 23. g4 Bd7 24. Re3 Nc8 25. Nxc8 Bxc8 26. Rh3 g6 27. f5 exf5
28. gxf5 Re8 29. Re1 gxf5 30. Rh5 Rae7 31. Bxf5 Bxf5 32. Rxf5 Re6 33. Kd2 Rg6
34. Re2 Rc8 35. Ref2 Rc7 36. Rf6 Kg7 1/2-1/2

[Event "Bad Woerishofen op"]
[Site "?"]
[Date "2000.??.??"]
[Round "5"]
[White "Sprenger, Jan"]
[Black "Jaenig, Reinhard"]
[Result "1-0"]
[WhiteElo "2256"]
[BlackElo "2097"]
[PlyCount "77"]
[EventDate "2000.??.??"]

1. e4 c5 2. Nf3 e6 3. d4 cxd4 4. Nxd4 Qb6 5. Nb3 Qc7 6. c4 Nf6 7. Nc3 a6 8. Be2
d6 9. O-O Nbd7 10. Be3 b6 11. f3 Bb7 12. a4 Rb8 13. a5 bxa5 14. Nxa5 Ba8 15.
Qd2 d5 16. cxd5 exd5 17. exd5 Bd6 18. f4 O-O 19. Nc6 Rbe8 20. Rxa6 Rxe3 21.
Qxe3 Bc5 22. Nd4 Bxd5 23. Kh1 Bb7 24. Ncb5 Bxg2+ 25. Kxg2 Qb7+ 26. Rc6 Qxc6+
27. Nxc6 Bxe3 28. b4 Nd5 29. Bc4 N7f6 30. Bxd5 Nxd5 31. Rd1 Nf6 32. Kf3 Bb6 33.
Nd6 Ra8 34. Nc4 Bc7 35. b5 Nh5 36. b6 Bxf4 37. b7 Re8 38. Nd6 Re3+ 39. Kf2 1-0

[Event "Bad Woerishofen op"]
[Site "?"]
[Date "2000.??.??"]
[Round "9"]
[White "Sprenger, Jan"]
[Black "Ivanov, Michail"]
[Result "0-1"]
[WhiteElo "2256"]
[BlackElo "2465"]
[PlyCount "66"]
[EventDate "2000.??.??"]

1. e4 c5 2. Nf3 g6 3. c4 Bg7 4. d4 cxd4 5. Nxd4 Nc6 6. Be3 Nh6 7. Nc3 d6 8. Be2
O-O 9. Qd2 Ng4 10. Bxg4 Bxg4 11. O-O Qa5 12. Rfc1 Rfc8 13. a3 Nxd4 14. Bxd4
Rxc4 15. b4 Qd8 16. Bxg7 Kxg7 17. Nd5 Rxc1+ 18. Rxc1 Bd7 19. f4 f6 20. e5 dxe5
21. fxe5 Bc6 22. exf6+ exf6 23. Rd1 Qd6 24. Nc3 Qxd2 25. Rxd2 a6 26. a4 Rc8 27.
Kf2 Be8 28. Rd3 Rc4 29. b5 axb5 30. axb5 Rc5 31. Re3 Rf5+ 32. Ke2 Bxb5+ 33. Ke1
Bc6 0-1

[Event "Bad Woerishofen op"]
[Site "?"]
[Date "2000.??.??"]
[Round "2"]
[White "Steiger, Wallfried"]
[Black "Salomon, Heide"]
[Result "1-0"]
[WhiteElo "1890"]
[BlackElo "1542"]
[PlyCount "65"]
[EventDate "2000.??.??"]

1. d4 Nf6 2. Nf3 e6 3. e3 Nc6 4. c3 Be7 5. Bd3 d6 6. O-O b6 7. Nbd2 Bb7 8. Re1
Qd7 9. b4 e5 10. b5 Nd8 11. dxe5 dxe5 12. Nxe5 Qd5 13. Ndf3 Ne6 14. c4 Qd6 15.
Bb2 Rd8 16. Qe2 O-O 17. Red1 Qb4 18. Rab1 Bxf3 19. gxf3 Kh8 20. Qf1 Qc5 21. Qg2
Bd6 22. f4 Bxe5 23. Bxe5 Rxd3 24. Rxd3 Qxc4 25. Rd2 Nc5 26. Rbd1 Qxb5 27. Rd8
Re8 28. Bxf6 gxf6 29. Qa8 Qc4 30. Rxe8+ Kg7 31. Rg8+ Kh6 32. Qf3 Qe6 33. f5 1-0